Statistiques concernant Personnages DLC dans Super Smash Bros. Ultimate

Cliquez ici pour prendre le quiz!

Statistiques générales

  • Ce quiz a été pris 340 fois
    (267 depuis la dernière actualisation)
  • Le résultat moyen est 9 sur 12

Statistiques - réponses

Personnages% Correct
Steve
83%
Joker
81%
Sora
80%
Banjo&Kazooie
74%
Kazuya
72%
Min Min
71%
Pyra/Mythra
69%
Byleth
67%
Séphiroth
67%
Terry
67%
Héros
66%
Plante Piranha
65%

Distribution des résultats

Percentile par nombre de réponses

% des personnes avec chaque résultat

Votre développement - résultats

Vous n’avez pas pris ce quiz depuis la dernière actualisation